00489nam a22001697a 450000500170000001000150001702000260003203500140005803700130007208200080008510000230009324500670011626000520018327000460023530000190028170000190030020230501151706.0 aENG-117442 a9789382623298c250.00 aEN-100974 bDBAD/PUB a921 aPalit, Chittabrata aBidhan chandra Roy cby Chittabrata Palit [and] Subrata Nandi  a Delhi bTandrita Chandra Readers Servicec2013 a59/5A, Garfa Main Road, bKolkatae700075 a104pc24cm(Hb) aNandi, Subrata